Ako dosiahnuť lepší prístup k zdrojom EÚ

Rozhovor s riaditeľom Regionálneho poradenského a informačného centra (RPIC) Prešov Jánom Hudackým. RPIC v Prešove je členom Európskej asociácie regionálnych rozvojových agentúr (EURADA). Inštitúcia EURADA, čo je jej cieľom a výhody členstva v tejto inštitúcii.

Salvato in:
Dettagli Bibliografici
Autore principale: Benková, Iveta
Altri autori: Hudacký, Ján
Natura: Capitolo di libro
Lingua:slovacco
Soggetti:
Tags: Aggiungi Tag
Nessun Tag, puoi essere il primo ad aggiungerne!!

MARC

LEADER 00000naa$a2200000$$$4500
001 0002628
005 20230925123503.1
041 0 |a slo 
044 |a SK 
245 1 0 |a Ako dosiahnuť lepší prístup k zdrojom EÚ  |c aut. interv. Iveta Benková, Ján Hudacký 
520 |a Rozhovor s riaditeľom Regionálneho poradenského a informačného centra (RPIC) Prešov Jánom Hudackým. RPIC v Prešove je členom Európskej asociácie regionálnych rozvojových agentúr (EURADA). Inštitúcia EURADA, čo je jej cieľom a výhody členstva v tejto inštitúcii. 
610 2 0 |a poradenstvo 
610 2 0 |a programy rozvojové 
610 2 0 |a RPIC Prešov 
610 2 0 |a rozvoj regionálny 
610 2 0 |a zdroje finančné 
610 2 0 |a Európska únia 
610 2 0 |a podpora podnikania 
610 2 0 |a EURADA 
100 1 |a Benková, Iveta 
700 1 |a Hudacký, Ján